Rozvojový potenciál stredoázijských krajín SNŠ bakalárska práca

Enregistré dans:
Détails bibliographiques
Auteur principal: Depta, Roman
Collectivité auteur: Obchodná fakulta EU. Katedra medzinárodného obchodu
Autres auteurs: Žatko, Matúš, 1991-
Format: Livre
Langue:slovaque
Publié: Bratislava 2018
Tags: Ajouter un tag
Pas de tags, Soyez le premier à ajouter un tag!

MARC

LEADER 00000nbm a2200000 4500
001 0247321
005 20181219104743.6
041 0 |a slo 
044 |a SK 
245 1 0 |a Rozvojový potenciál stredoázijských krajín SNŠ  |b bakalárska práca  |c Roman Depta ; školiteľ: Matúš Žatko 
264 1 |a Bratislava  |c 2018 
300 |a 53 s. 
100 1 |a Depta, Roman 
700 1 |a Žatko, Matúš, 1991- 
710 2 |a Obchodná fakulta EU. Katedra medzinárodného obchodu